Paktik kataikaḷ. (Record no. 79857)

MARC details
000 -LEADER
fixed length control field 00598cam a22002291 4500
001 - CONTROL NUMBER
control field sa 68003935
003 - CONTROL NUMBER IDENTIFIER
control field DLC
005 - DATE AND TIME OF LATEST TRANSACTION
control field 20260227112457.0
008 - FIXED-LENGTH DATA ELEMENTS--GENERAL INFORMATION
fixed length control field 890510s1965 xx 000 0 tamo
010 ## - LIBRARY OF CONGRESS CONTROL NUMBER
LC control number sa 68003935
035 ## - SYSTEM CONTROL NUMBER
System control number (OCoLC)23577069
040 ## - CATALOGING SOURCE
Original cataloging agency DLC
Transcribing agency MiU
Modifying agency DLC
042 ## - AUTHENTICATION CODE
Authentication code premarc
050 00 - LIBRARY OF CONGRESS CALL NUMBER
Classification number BL1135.P9
Item number K7
100 1# - MAIN ENTRY--PERSONAL NAME
Personal name Krishnamurti Ayyar, Keelasattanathapuram Rama Ayyar,
Dates associated with a name 1903-
245 10 - TITLE STATEMENT
Title Paktik kataikaḷ.
260 ## - PUBLICATION, DISTRIBUTION, ETC.
Date of publication, distribution, etc. [1965]
300 ## - PHYSICAL DESCRIPTION
Extent 218 p.
Dimensions 18 cm.
500 ## - GENERAL NOTE
General note Romanized.
630 00 - SUBJECT ADDED ENTRY--UNIFORM TITLE
Uniform title Puranas
Form subdivision Fiction.
650 #0 - SUBJECT ADDED ENTRY--TOPICAL TERM
Topical term or geographic name entry element Hinduism
Form subdivision Sacred books
-- Fiction.

No items available.

Powered by Koha